000 00310pam a2200133 a 4500
020 _c
041 _h
082 _a650.10000000000002
_bTUR
100 _aTurner,Colin
245 _aPaths To Succeed
_hTextual Documents
260 _aNew York
_bHodder And Stoughtun
_c2002
300 _aXIV/166
930 _a5257
999 _c112087
_d112087